[Event "Teplice op 9th"]
[Site "Teplice"]
[Date "2014.06.14"]
[Round "1"]
[White "Jensen, Leif"]
[Black "Pap, Gyula"]
[Result "0-1"]
[WhiteElo "2036"]
[BlackElo "2557"]
[PlyCount "90"]
[EventDate "2014.06.14"]
[EventType "swiss"]
[EventRounds "9"]
[EventCountry "CZE"]
[SourceTitle "CBM 160 Extra"]
[Source "ChessBase"]
[SourceDate "2014.07.01"]
[SourceVersion "1"]
[SourceVersionDate "2014.07.01"]
[SourceQuality "1"]

1. e4 e6 2. d4 d5 3. Nd2 c5 4. exd5 Qxd5 5. dxc5 Qxc5 6. Ngf3 Nf6 7. Nb3 Qc7 8. Bb5+ Nbd7 9. 0-0 Bd6 10. c3 0-0 11. Bg5 a6 12. Bd3 b6 13. Qe2 Bb7 14. Rad1 Bxf3 15. Qxf3 Bxh2+ 16. Kh1 Ne5 17. Qh3 Nxd3 18. Bxf6 Be5 19. Bxg7 Nxf2+ 20. Rxf2 Bxg7 21. Rfd2 Rad8 22. Qh4 Rxd2 23. Rxd2 f5 24. Qa4 Qe5 25. Qh4 Qc7 26. Qa4 Qe5 27. Qh4 Bf6 28. Qf2 Rd8 29. Rxd8+ Bxd8 30. Nd4 Bf6 31. Qe2 Qxe2 32. Nxe2 Kf7 33. Kg1 h5 34. Kf2 h4 35. b3 Ke7 36. Ke3 Kd6 37. Kf4 b5 38. Ke3 e5 39. Kd3 Kd5 40. Ke3 Bg5+ 41. Kf3 Bd2 42. Kf2 Ke4 43. c4 bxc4 44. bxc4 Be3+ 45. Ke1 Kd3 0-1

[Event "DEN-ch G7-A"]
[Site "Skorping"]
[Date "2014.04.21"]
[Round "7"]
[White "Jensen, Leif"]
[Black "Rossen, Claus"]
[Result "1-0"]
[WhiteElo "2013"]
[BlackElo "2147"]
[PlyCount "43"]
[EventDate "2014.04.15"]
[EventType "swiss"]
[EventRounds "7"]
[EventCountry "DEN"]
[SourceTitle "EXT 2018"]
[Source "ChessBase"]
[SourceDate "2017.10.13"]
[SourceVersion "1"]
[SourceVersionDate "2017.10.13"]
[SourceQuality "1"]

1. e4 d6 2. f4 g6 3. Nf3 Bg7 4. c3 e5 5. d3 Nc6 6. g3 h5 7. Bg2 Bg4 8. h3 Bxf3 9. Qxf3 Nh6 10. Na3 f5 11. Nc2 Qd7 12. Bd2 Qf7 13. 0-0 0-0-0 14. exf5 Nxf5 15. fxe5 Bxe5 16. d4 Bf6 17. g4 hxg4 18. hxg4 Qh7 19. gxf5 Qh2+ 20. Kf2 Bh4+ 21. Ke2 Rhe8+ 22. Kd1 1-0

[Event "DEN-ch G7-A"]
[Site "Skorping"]
[Date "2014.04.18"]
[Round "4"]
[White "Christensen, Esben"]
[Black "Jensen, Leif"]
[Result "1-0"]
[WhiteElo "2037"]
[BlackElo "2007"]
[PlyCount "217"]
[EventDate "2014.04.15"]
[EventType "swiss"]
[EventRounds "7"]
[EventCountry "DEN"]
[SourceTitle "EXT 2023"]
[Source "ChessBase"]
[SourceDate "2022.10.05"]
[SourceVersion "1"]
[SourceVersionDate "2022.10.05"]
[SourceQuality "1"]

1. e4 e6 2. Nf3 d5 3. Nc3 dxe4 4. Nxe4 Nd7 5. d4 Ngf6 6. Nxf6+ Nxf6 7. c3 c5 8. Be3 cxd4 9. Bxd4 Be7 10. Bd3 0-0 11. Qc2 h6 12. Rd1 Qc7 13. Be5 Qb6 14. h3 Rd8 15. Bd4 Qc7 16. 0-0 Bd7 17. Ne5 Bc5 18. Bxc5 Qxc5 19. Nxd7 Rxd7 20. Bh7+ Kf8 21. Rxd7 Nxd7 22. Be4 Rb8 23. Rd1 Nf6 24. Bf3 b6 25. Rd2 Qc7 26. Qa4 Rc8 27. Rd4 Qe7 28. g3 Rc7 29. Qd1 Rd7 30. Kg2 Qd8 31. Rxd7 Qxd7 32. Qb3 g6 33. c4 Qd6 34. Qc3 Ke7 35. b4 Nd7 36. a3 h5 37. h4 Ne5 38. c5 Qc7 39. Be4 bxc5 40. bxc5 Nd7 41. c6 Nf6 42. Qb4+ Ke8 43. Bf3 Kd8 44. Qd4+ Ke7 45. Qc5+ Ke8 46. a4 a5 47. Qg5 Ke7 48. Qc5+ Kd8 49. Qg5 Ke7 50. Kg1 Qb6 51. Bg2 Qc7 52. Qc5+ Kd8 53. Bf1 Ne8 54. Qf8 Qe7 55. Qh8 Qc7 56. Bb5 Ke7 57. Qd4 Nd6 58. Qc5 Kd8 59. Kg2 Ke7 60. f3 Kd8 61. g4 hxg4 62. fxg4 Ke7 63. h5 gxh5 64. Qg5+ f6 65. Qg7+ Nf7 66. gxh5 Qf4 67. Qg3 Qxg3+ 68. Kxg3 Kd6 69. Bc4 Kxc6 70. Bxe6 Nh6 71. Kf4 Kd6 72. Bb3 Kc5 73. Ke4 Kb4 74. Bd1 Kc4 75. Be2+ Kc5 76. Bb5 Kd6 77. Be8 Kc5 78. Bd7 Kd6 79. Bh3 Kc5 80. Kd3 Kb4 81. Bd7 Kc5 82. Kc3 Kd6 83. Bb5 Kd5 84. Ba6 Nf5 85. Bb7+ Kc5 86. Bc8 Nh6 87. Bh3 Nf7 88. Be6 Nh6 89. Kd3 Kd6 90. Bc8 Kc5 91. Ke4 Kc4 92. Be6+ Kc5 93. Ba2 Kc6 94. Kd4 Nf5+ 95. Kc4 Nd6+ 96. Kd3 Nf5 97. Be6 Nh6 98. Kc4 Kd6 99. Bh3 Nf7 100. Kb5 Ke7 101. Kxa5 Ng5 102. Bf1 Ne4 103. Kb6 Nc3 104. a5 Nd5+ 105. Kc5 Nc7 106. Bc4 f5 107. Kc6 Ne8 108. a6 Nd6 109. a7 1-0

[Event "Faxe anniversity"]
[Site "Faxe"]
[Date "2014.03.26"]
[Round "1"]
[White "Andersen, Hans E"]
[Black "Jensen, Leif"]
[Result "0-1"]
[WhiteElo "1517"]
[BlackElo "1978"]
[PlyCount "54"]
[EventDate "2014.03.26"]
[EventType "swiss"]
[EventRounds "7"]
[EventCountry "DEN"]
[SourceTitle "EXT 2023"]
[Source "ChessBase"]
[SourceDate "2022.10.05"]
[SourceVersion "1"]
[SourceVersionDate "2022.10.05"]
[SourceQuality "1"]

1. e4 e6 2. d4 d5 3. e5 c5 4. c3 Qb6 5. Nf3 Bd7 6. b3 Nc6 7. Be3 Rc8 8. Be2 cxd4 9. cxd4 Nb4 10. Na3 Qa5 11. Nc4 dxc4 12. 0-0 c3 13. a3 Nd5 14. b4 Qa4 15. Qc1 Bb5 16. Bxb5+ Qxb5 17. Qc2 Nge7 18. Ng5 Ng6 19. Ne4 Be7 20. Bg5 Rc7 21. Bxe7 Kxe7 22. Rab1 Rd8 23. Rfd1 h6 24. Rb3 Ngf4 25. g3 Qe2 26. Rc1 Qxc2 27. Rxc2 Ne2+ 0-1

[Event "Faxe EMT"]
[Site "Faxe"]
[Date "2013.05.01"]
[Round "4"]
[White "Lindskov, Villy"]
[Black "Jensen, Leif"]
[Result "1/2-1/2"]
[WhiteElo "1785"]
[BlackElo "1984"]
[PlyCount "66"]
[EventDate "2013.04.03"]
[EventType "swiss"]
[EventRounds "7"]
[EventCountry "DEN"]
[SourceTitle "EXT 2023"]
[Source "ChessBase"]
[SourceDate "2022.10.05"]
[SourceVersion "1"]
[SourceVersionDate "2022.10.05"]
[SourceQuality "1"]

1. e4 e6 2. d4 d5 3. Nd2 dxe4 4. Nxe4 Nd7 5. Nf3 Ngf6 6. Nxf6+ Nxf6 7. Bd3 c5 8. dxc5 Bxc5 9. 0-0 0-0 10. Qe2 h6 11. c3 Qc7 12. h3 b6 13. Ne5 Bb7 14. Bf4 Qe7 15. Ng4 Rfd8 16. Rad1 Nxg4 17. Qxg4 Qf6 18. Qg3 Rac8 19. Bb1 Be7 20. Rfe1 Qh4 21. Qxh4 Bxh4 22. Bc2 Bc6 23. Rxd8+ Rxd8 24. Rd1 Kf8 25. Rxd8+ Bxd8 26. Bd3 a5 27. a3 Ke7 28. Kf1 Kd7 29. f3 Be7 30. Ke2 Bc5 31. Be3 Bxe3 32. Kxe3 Kd6 33. b4 e5 1/2-1/2

[Event "Faxe EMT"]
[Site "Faxe"]
[Date "2012.05.09"]
[Round "6"]
[White "Petersen, Bent Wester"]
[Black "Jensen, Leif"]
[Result "1/2-1/2"]
[WhiteElo "1915"]
[BlackElo "1982"]
[PlyCount "141"]
[EventDate "2012.03.28"]
[EventType "swiss"]
[EventRounds "7"]
[EventCountry "DEN"]
[SourceTitle "EXT 2023"]
[Source "ChessBase"]
[SourceDate "2022.10.05"]
[SourceVersion "1"]
[SourceVersionDate "2022.10.05"]
[SourceQuality "1"]

1. d4 d5 2. c4 c6 3. Nc3 Nf6 4. Nf3 e6 5. e3 Nbd7 6. Qc2 Bd6 7. Bd3 dxc4 8. Bxc4 e5 9. h3 h6 10. 0-0 exd4 11. exd4 0-0 12. Be3 Nb6 13. Bb3 Re8 14. Bxh6 gxh6 15. Qg6+ Kh8 16. Bxf7 Bf8 17. Bxe8 Nxe8 18. Ne5 Nd6 19. Rae1 Qg5 20. Ne4 Qxg6 21. Nxg6+ Kg7 22. Nxf8 Nxe4 23. Rxe4 Kxf8 24. Rfe1 Bd7 25. Rf4+ Kg8 26. Rh4 Kg7 27. Re7+ Kg6 28. b3 Re8 29. Rhe4 Rxe7 30. Rxe7 Kf6 31. Re5 Nd5 32. Kh2 Nb4 33. Re2 a5 34. g4 b5 35. Kg3 Nd5 36. a3 Nc3 37. Re1 Be6 38. b4 axb4 39. axb4 Bc4 40. Kf3 Nd5 41. Rb1 Be2+ 42. Kg3 Bc4 43. f4 Nc3 44. Rb2 Ne2+ 45. Kf3 Nxd4+ 46. Ke3 Ne6 47. h4 Bd5 48. f5 Nf8 49. Kf4 Nd7 50. g5+ hxg5+ 51. hxg5+ Kf7 52. Rh2 Kg7 53. f6+ Nxf6 54. gxf6+ Kxf6 55. Rh6+ Ke7 56. Ke5 Kd7 57. Rh7+ Kc8 58. Kd6 Kb8 59. Rc7 Bg2 60. Rxc6 Bxc6 61. Kxc6 Kc8 62. Kxb5 Kb7 63. Kc5 Kc7 64. b5 Kb7 65. b6 Kb8 66. Kc6 Kc8 67. Kb5 Kb7 68. Ka5 Kb8 69. Ka6 Ka8 70. b7+ Kb8 71. Kb6 1/2-1/2

[Event "Faxe EMT"]
[Site "Faxe"]
[Date "2012.05.02"]
[Round "5"]
[White "Eckert, Svend"]
[Black "Jensen, Leif"]
[Result "0-1"]
[WhiteElo "1630"]
[BlackElo "1982"]
[PlyCount "124"]
[EventDate "2012.03.28"]
[EventType "swiss"]
[EventRounds "7"]
[EventCountry "DEN"]
[SourceTitle "EXT 2023"]
[Source "ChessBase"]
[SourceDate "2022.10.05"]
[SourceVersion "1"]
[SourceVersionDate "2022.10.05"]
[SourceQuality "1"]

1. c4 e5 2. Nc3 g6 3. e3 Bg7 4. d4 d6 5. d5 f5 6. e4 Nf6 7. Bg5 h6 8. Bxf6 Qxf6 9. Bd3 0-0 10. Nf3 Nd7 11. b4 fxe4 12. Nxe4 Qf4 13. 0-0 Nb6 14. Nfd2 Bg4 15. f3 Qe3+ 16. Nf2 Bf5 17. Bxf5 gxf5 18. Rc1 Bf6 19. Re1 Qa3 20. Qb3 Qxb3 21. Nxb3 Kf7 22. Red1 Bg5 23. Rc2 Nd7 24. Rd3 Be7 25. Nd1 c6 26. a3 Nb6 27. Na5 Rac8 28. dxc6 bxc6 29. Ne3 Ke6 30. Nb3 d5 31. c5 Nd7 32. g3 Bf6 33. Re2 e4 34. fxe4 fxe4 35. Rd1 Be5 36. Nd4+ Bxd4 37. Rxd4 Ne5 38. Kg2 Rc7 39. Rdd2 Rf3 40. Nc2 Rcf7 41. Nd4+ Kd7 42. Rxe4 Nc4 43. Nxf3 Nxd2 44. Ne5+ Kc7 45. Nxf7 Nxe4 46. Nxh6 a5 47. g4 Kd7 48. Nf5 axb4 49. axb4 Nc3 50. Nd4 Na2 51. Nc2 Ke6 52. h4 Ke5 53. Kf3 d4 54. Ke2 Ke4 55. g5 d3+ 56. Kd2 dxc2 57. Kxc2 Nxb4+ 58. Kb3 Nd5 59. g6 Nf6 60. g7 Kd5 61. Kb4 Ng8 62. h5 Nh6 0-1

[Event "Faxe EMT"]
[Site "Faxe"]
[Date "2012.03.28"]
[Round "2"]
[White "Hansen, Borge"]
[Black "Jensen, Leif"]
[Result "0-1"]
[WhiteElo "1581"]
[BlackElo "1982"]
[PlyCount "154"]
[EventDate "2012.03.28"]
[EventType "swiss"]
[EventRounds "7"]
[EventCountry "DEN"]
[SourceTitle "EXT 2023"]
[Source "ChessBase"]
[SourceDate "2022.10.05"]
[SourceVersion "1"]
[SourceVersionDate "2022.10.05"]
[SourceQuality "1"]

1. e4 e6 2. d3 d5 3. exd5 exd5 4. Nf3 Nf6 5. Be2 h6 6. 0-0 Bd6 7. Bd2 0-0 8. Nc3 c6 9. a3 Bg4 10. h3 Bxf3 11. Bxf3 Nbd7 12. d4 Qb6 13. Bc1 Rfe8 14. Rb1 Nf8 15. Ne2 Re7 16. Bf4 Bxf4 17. Nxf4 Rae8 18. c3 Ne6 19. Nd3 Qc7 20. Re1 Ng5 21. Rxe7 Qxe7 22. Ne5 Nd7 23. Nxd7 Qxd7 24. Bg4 Qd6 25. Rc1 g6 26. Rc2 f5 27. Be2 Kf7 28. Bd3 Kf6 29. Re2 Rxe2 30. Qxe2 Qe6 31. Qd2 Nf7 32. Kf1 b6 33. a4 Qd6 34. Kg1 c5 35. Qe3 c4 36. Bc2 Qe6 37. Qd2 g5 38. Bb1 Nd6 39. f3 a6 40. Qc2 b5 41. axb5 axb5 42. Qf2 f4 43. Qc2 Nf5 44. Kh2 Qd7 45. b3 Qe6 46. bxc4 bxc4 47. Qd2 Nh4 48. Bh7 Kg7 49. Bc2 Kf6 50. Bh7 Qe3 51. Qxe3 fxe3 52. Kg1 e2 53. Kf2 Nxg2 54. Kxe2 Nf4+ 55. Ke3 Nxh3 56. Bc2 Nf4 57. Ba4 h5 58. Bd7 Ke7 59. Bf5 Kd6 60. Bc8 Kc6 61. Bf5 Kb5 62. Bd7+ Ka5 63. Bc6 Kb6 64. Bd7 Kc7 65. Bf5 Kd6 66. Bc8 Ne6 67. Kf2 Nc7 68. Ke3 Ne6 69. Kf2 h4 70. Kg2 Nf4+ 71. Kh2 Kc6 72. Bg4 Ne2 73. Kh3 Nxc3 74. f4 gxf4 75. Kxh4 Nb5 76. Kg5 f3 77. Bxf3 Nxd4 0-1

[Event "Faxe EMT"]
[Site "Faxe"]
[Date "2010.03.24"]
[Round "2"]
[White "Jensen, Leif"]
[Black "Refsgaard, Kaj"]
[Result "1-0"]
[WhiteElo "2007"]
[BlackElo "1584"]
[PlyCount "69"]
[EventDate "2010.03.17"]
[EventType "swiss"]
[EventRounds "7"]
[EventCountry "DEN"]
[SourceTitle "EXT 2023"]
[Source "ChessBase"]
[SourceDate "2022.10.05"]
[SourceVersion "1"]
[SourceVersionDate "2022.10.05"]
[SourceQuality "1"]

1. e4 c5 2. g3 Nc6 3. Bg2 g6 4. c3 Bg7 5. d3 d6 6. f4 Nf6 7. Nf3 0-0 8. 0-0 Bd7 9. Be3 Ng4 10. Bf2 Nxf2 11. Rxf2 Rb8 12. Nbd2 b5 13. a3 a5 14. Rf1 b4 15. axb4 axb4 16. Qc2 Qb6 17. Nc4 Qb5 18. Rfe1 bxc3 19. bxc3 Qb3 20. Rac1 Be6 21. Nfd2 Qxc2 22. Rxc2 Rfc8 23. Kf2 Bxc4 24. Nxc4 Rb3 25. e5 dxe5 26. Bxc6 Rxc6 27. Na5 Rcb6 28. Nxb3 Rxb3 29. fxe5 f6 30. Ke3 fxe5 31. Ke4 e6 32. Ra1 Rb5 33. Ra8+ Kf7 34. Rf2+ Bf6 35. Ra7+ 1-0

[Event "Faxe EMT"]
[Site "Faxe"]
[Date "2009.04.28"]
[Round "6"]
[White "Thomsen, Peter"]
[Black "Jensen, Leif"]
[Result "1/2-1/2"]
[WhiteElo "1766"]
[BlackElo "1990"]
[PlyCount "47"]
[EventDate "2009.03.18"]
[EventType "swiss"]
[EventRounds "7"]
[EventCountry "DEN"]
[SourceTitle "EXT 2023"]
[Source "ChessBase"]
[SourceDate "2022.10.05"]
[SourceVersion "1"]
[SourceVersionDate "2022.10.05"]
[SourceQuality "1"]

1. e4 e6 2. d4 d5 3. Nc3 dxe4 4. Nxe4 Nd7 5. Nf3 Ngf6 6. Nxf6+ Nxf6 7. c3 c5 8. Be3 cxd4 9. Qa4+ Bd7 10. Qxd4 Qc7 11. Ne5 Bc6 12. Nxc6 Qxc6 13. 0-0-0 Be7 14. Be2 0-0 15. Bf3 Qa6 16. Kb1 Rfd8 17. Qf4 Bd6 18. Qh4 Rac8 19. Rd2 Be7 20. Rhd1 Rxd2 21. Rxd2 Nd5 22. Qg3 Nxe3 23. fxe3 Qb5 24. Be2 1/2-1/2

[Event "Faxe EMT"]
[Site "Faxe"]
[Date "2009.03.25"]
[Round "2"]
[White "Refsgaard, Kaj"]
[Black "Jensen, Leif"]
[Result "1/2-1/2"]
[WhiteElo "1524"]
[BlackElo "1990"]
[PlyCount "170"]
[EventDate "2009.03.18"]
[EventType "swiss"]
[EventRounds "7"]
[EventCountry "DEN"]
[SourceTitle "EXT 2023"]
[Source "ChessBase"]
[SourceDate "2022.10.05"]
[SourceVersion "1"]
[SourceVersionDate "2022.10.05"]
[SourceQuality "1"]

1. Nf3 d5 2. d4 c6 3. Bf4 Bf5 4. e3 e6 5. Nbd2 Nf6 6. Be2 Nbd7 7. 0-0 Ne4 8. Rc1 Ndf6 9. c4 Bd6 10. cxd5 exd5 11. Bxd6 Qxd6 12. Ne5 0-0 13. Nxe4 Bxe4 14. Qb3 Rab8 15. Qc3 Rfe8 16. Qc5 Qxc5 17. Rxc5 Bg6 18. Nxg6 hxg6 19. Bd3 Kf8 20. Rfc1 Ke7 21. b4 a6 22. a4 Kd6 23. b5 axb5 24. axb5 Rec8 25. bxc6 bxc6 26. h3 Rc7 27. f3 Nd7 28. R5c3 c5 29. dxc5+ Rxc5 30. Kf2 Rb2+ 31. Kg3 Rb3 32. Rxb3 Rxc1 33. Ra3 Ne5 34. f4 Nc6 35. Kf3 Nb4 36. Be2 Rc7 37. Rb3 Rb7 38. Kg4 Rb8 39. Bf3 Kc5 40. Rc3+ Kd6 41. Rb3 Rb6 42. Be2 Kc7 43. Rc3+ Rc6 44. Rxc6+ Kxc6 45. Bd1 Nd3 46. Ba4+ Kd6 47. Bb5 Nf2+ 48. Kf3 Ne4 49. Bd3 Nc3 50. g4 Na4 51. Bb5 Nc5 52. Be8 Ke7 53. Bc6 Ke6 54. Be8 Ne4 55. h4 Nd6 56. Bc6 f6 57. Ba4 g5 58. hxg5 fxg5 59. fxg5 Ke5 60. Bc2 Nf7 61. g6 Ng5+ 62. Kf2 Ne6 63. Kf3 d4 64. Bf5 Ng5+ 65. Ke2 dxe3 66. Kxe3 Nh3 67. Kf3 Nf4 68. Be4 Ne6 69. Bf5 Nd4+ 70. Kg3 Nxf5+ 71. gxf5 Kxf5 72. Kf3 Kf6 73. Kf4 Kxg6 74. Kg4 Kf6 75. Kf4 g5+ 76. Kf3 Kf5 77. Kg3 g4 78. Kg2 Kf4 79. Kf2 g3+ 80. Kg2 Kg4 81. Kg1 Kh4 82. Kg2 Kg4 83. Kg1 Kf3 84. Kf1 g2+ 85. Kg1 Kg3 1/2-1/2

[Event "Faxe EMT"]
[Site "Faxe"]
[Date "2009.03.18"]
[Round "1"]
[White "Jensen, Leif"]
[Black "Andersen, Hans E"]
[Result "1-0"]
[WhiteElo "1990"]
[BlackElo "1449"]
[PlyCount "55"]
[EventDate "2009.03.18"]
[EventType "swiss"]
[EventRounds "7"]
[EventCountry "DEN"]
[SourceTitle "EXT 2023"]
[Source "ChessBase"]
[SourceDate "2022.10.05"]
[SourceVersion "1"]
[SourceVersionDate "2022.10.05"]
[SourceQuality "1"]

1. e4 e5 2. Nc3 Nf6 3. f4 d6 4. Nf3 Nc6 5. Bb5 Bd7 6. Bxc6 Bxc6 7. d3 h6 8. fxe5 dxe5 9. Nxe5 Qd6 10. Nc4 Qe6 11. Qf3 Bb4 12. Ne3 g6 13. Bd2 0-0-0 14. a3 Bc5 15. 0-0-0 Rd7 16. Rhf1 Nh7 17. Ng4 f5 18. exf5 gxf5 19. Qxf5 Qe7 20. Rde1 Qd6 21. Bf4 Qf8 22. Qxf8+ Bxf8 23. g3 h5 24. Ne5 Re7 25. Nxc6 Rxe1+ 26. Rxe1 bxc6 27. Re8+ Kb7 28. Ne4 1-0

[Event "Faxe EMT"]
[Site "Faxe"]
[Date "2008.04.23"]
[Round "4"]
[White "Jensen, Leif"]
[Black "Eckert, Svend"]
[Result "1-0"]
[WhiteElo "2004"]
[BlackElo "1543"]
[PlyCount "89"]
[EventDate "2008.03.26"]
[EventType "swiss"]
[EventRounds "7"]
[EventCountry "DEN"]
[SourceTitle "EXT 2023"]
[Source "ChessBase"]
[SourceDate "2022.10.05"]
[SourceVersion "1"]
[SourceVersionDate "2022.10.05"]
[SourceQuality "1"]

1. e4 d6 2. f4 e5 3. d3 Nc6 4. Nf3 Nf6 5. c3 Be7 6. g3 0-0 7. Bg2 h6 8. 0-0 Bg4 9. h3 Bh5 10. g4 Bg6 11. f5 Bh7 12. Qe2 Re8 13. Na3 d5 14. Nc2 dxe4 15. dxe4 Bc5+ 16. Kh1 Kh8 17. Nh2 Ng8 18. Be3 Bxe3 19. Nxe3 f6 20. Rad1 Qe7 21. Nd5 Qf7 22. Rd2 a6 23. Bf3 g5 24. Rfd1 Rad8 25. Nf1 Rd7 26. b4 Red8 27. a4 Nb8 28. a5 c6 29. Nb6 Rxd2 30. Rxd2 Rxd2 31. Qxd2 Qc7 32. c4 Ne7 33. c5 Bg8 34. Qd6 Qxd6 35. cxd6 c5 36. dxe7 Bf7 37. bxc5 Nc6 38. Ne3 Nxe7 39. Ned5 Nc6 40. Nc4 Nd4 41. Bd1 Kg7 42. Nd6 Bxd5 43. exd5 Nb5 44. Nxb5 axb5 45. c6 1-0

[Event "Faxe EMT"]
[Site "Faxe"]
[Date "2008.04.16"]
[Round "3"]
[White "Andersen, Hans E"]
[Black "Jensen, Leif"]
[Result "0-1"]
[WhiteElo "1512"]
[BlackElo "2004"]
[PlyCount "32"]
[EventDate "2008.03.26"]
[EventType "swiss"]
[EventRounds "7"]
[EventCountry "DEN"]
[SourceTitle "EXT 2023"]
[Source "ChessBase"]
[SourceDate "2022.10.05"]
[SourceVersion "1"]
[SourceVersionDate "2022.10.05"]
[SourceQuality "1"]

1. e4 e6 2. Nc3 d5 3. Nf3 dxe4 4. Nxe4 Nd7 5. Bc4 Ngf6 6. Nxf6+ Nxf6 7. 0-0 Bd6 8. d3 h6 9. Be3 0-0 10. Qd2 b6 11. h3 Bb7 12. Nh4 Ng4 13. g3 Ne5 14. Bb3 Qxh4 15. f3 Qxg3+ 16. Qg2 Nxf3+ 0-1

[Event "Faxe EMT"]
[Site "Faxe"]
[Date "2008.04.02"]
[Round "2"]
[White "Jensen, Leif"]
[Black "Refsgaard, Kaj"]
[Result "1/2-1/2"]
[WhiteElo "2004"]
[BlackElo "1645"]
[PlyCount "105"]
[EventDate "2008.03.26"]
[EventType "swiss"]
[EventRounds "7"]
[EventCountry "DEN"]
[SourceTitle "EXT 2023"]
[Source "ChessBase"]
[SourceDate "2022.10.05"]
[SourceVersion "1"]
[SourceVersionDate "2022.10.05"]
[SourceQuality "1"]

1. e4 c5 2. g3 Nc6 3. Bg2 d6 4. d3 g6 5. c3 Nf6 6. f4 Bg7 7. Nf3 Qc7 8. 0-0 0-0 9. Na3 a6 10. Nc2 Rb8 11. Be3 Ng4 12. h3 Nxe3 13. Nxe3 b5 14. Rb1 b4 15. c4 Nd4 16. Nd5 Qd8 17. Kh2 e6 18. Ne3 Qa5 19. Nxd4 cxd4 20. Nc2 Qxa2 21. Qd2 Qa5 22. Ra1 Qc5 23. Ra4 b3 24. Ra5 Qc7 25. Na3 Rb6 26. Ra1 Bb7 27. Qd1 f5 28. exf5 Bxg2 29. Kxg2 exf5 30. Nb1 Re8 31. Nd2 Re3 32. Nf3 Qe7 33. Kf2 Rb8 34. Rxa6 Re8 35. Ra8 Re2+ 36. Kf1 Rxb2 37. R1a7 Qe3 38. Rxe8+ Qxe8 39. Qe1 Qe3 40. Qxe3 dxe3 41. Ra8+ Bf8 42. Nd4 Ra2 43. Rb8 b2 44. Ne6 Kf7 45. Nxf8 Ra1+ 46. Ke2 b1Q 47. Rxb1 Rxb1 48. Nxh7 Rg1 49. Ng5+ Ke7 50. g4 fxg4 51. hxg4 Rxg4 52. Kxe3 Rg3+ 53. Nf3 1/2-1/2

[Event "Faxe EMT"]
[Site "Faxe"]
[Date "2007.05.02"]
[Round "5"]
[White "Jensen, Leif"]
[Black "Refsgaard, Kaj"]
[Result "1-0"]
[WhiteElo "2057"]
[BlackElo "1641"]
[PlyCount "49"]
[EventDate "2007.03.21"]
[EventType "swiss"]
[EventRounds "7"]
[EventCountry "DEN"]
[SourceTitle "EXT 2023"]
[Source "ChessBase"]
[SourceDate "2022.10.05"]
[SourceVersion "1"]
[SourceVersionDate "2022.10.05"]
[SourceQuality "1"]

1. e4 c5 2. g3 g6 3. Bg2 Bg7 4. c3 Nc6 5. f4 d6 6. d3 Nf6 7. Nf3 0-0 8. 0-0 Rb8 9. Qc2 e5 10. Na3 b5 11. fxe5 Nxe5 12. Nxe5 dxe5 13. Bg5 h6 14. Be3 Qe7 15. h3 Be6 16. Qf2 Rfc8 17. Nc2 Kh7 18. b3 Rb7 19. Rad1 a5 20. d4 exd4 21. cxd4 c4 22. d5 cxb3 23. axb3 Bd7 24. d6 Qe8 25. e5 1-0